00438nam a2200169Ia 4500008004100000041001200041082002000053100002700073245003700100365000900137520001200146546001200158630003700170650001200207655001200219730003700231101110s9999 xx 000 0 und d aENGLISH bSR12699a530.12 aMathews and Venkatesan aA Text book of Quantum Mechanics b28.5 aPhysics aENGLISH aA Text book of Quantum Mechanics aPhysics aPhysics aA Text book of Quantum Mechanics